Precalculus: (Record no. 2039)
[ view plain ]
| 000 -LEADER | |
|---|---|
| fixed length control field | 00534nam a22002057a 4500 |
| 001 - CONTROL NUMBER | |
| control field | 2039 |
| 005 - DATE AND TIME OF LATEST TRANSACTION | |
| control field | 20250723122237.0 |
| 008 - FIXED-LENGTH DATA ELEMENTS--GENERAL INFORMATION | |
| fixed length control field | 130225b xxu||||| |||| 00| 0 eng d |
| 020 ## - INTERNATIONAL STANDARD BOOK NUMBER | |
| International Standard Book Number | 0618314377 |
| 040 ## - CATALOGING SOURCE | |
| Original cataloging agency | BSU |
| Transcribing agency | BSU |
| 082 ## - DEWEY DECIMAL CLASSIFICATION NUMBER | |
| Edition number | 21 |
| Classification number | 516 |
| Item number | ZOO |
| 100 ## - MAIN ENTRY--PERSONAL NAME | |
| Personal name | Zook, Dianna L. |
| 9 (RLIN) | 2965 |
| 245 ## - TITLE STATEMENT | |
| Title | Precalculus: |
| Remainder of title | study and solutions guide |
| Statement of responsibility, etc | Dianna L. Zook |
| 250 ## - EDITION STATEMENT | |
| Edition statement | 6th ed. |
| 260 ## - PUBLICATION, DISTRIBUTION, ETC. (IMPRINT) | |
| Place of publication, distribution, etc | Boston |
| Name of publisher, distributor, etc | Houghton Mifflin Company |
| Date of publication, distribution, etc | 2004 |
| 300 ## - PHYSICAL DESCRIPTION | |
| Extent | v, 663p.: |
| Dimensions | 28cm |
| 650 ## - SUBJECT ADDED ENTRY--TOPICAL TERM | |
| Source of heading or term | Precalculus |
| 658 ## - INDEX TERM--CURRICULUM OBJECTIVE | |
| Main curriculum objective | Mathematics |
| 942 ## - ADDED ENTRY ELEMENTS (KOHA) | |
| Source of classification or shelving scheme | Dewey Decimal Classification |
| Item type | Books |
| Withdrawn status | Lost status | Source of classification or shelving scheme | Damaged status | Not for loan | Collection code | Home library | Current library | Shelving location | Date acquired | Source of acquisition | Inventory number | Total Checkouts | Full call number | Barcode | Date last seen | Copy number | Price effective from | Koha item type | Public note |
|---|---|---|---|---|---|---|---|---|---|---|---|---|---|---|---|---|---|---|---|
| Dewey Decimal Classification | Main Library | Main Library | Open Shelves | 25/02/2009 | Donation | 19746 | 516 ZOO | bsu25071499 | 25/02/2013 | 001 | 25/02/2013 | Books | Material available in hard copy | ||||||
| Dewey Decimal Classification | Main Library | Main Library | Open Shelves | 25/02/2011 | Donation | 24895 | 516 ZOO | bsu25071500 | 25/02/2013 | 002 | 25/02/2013 | Books | Material available in hard copy |